000 00676nam a2200181Ia 4500
008 090123s9999 xx 000 0 und d
082 _b3556
_a891.463/बोरकर
100 _aबोरकर लक्ष्मीदास
245 _aनिंबोणीच्या झाडाखाली
250 _a1
260 _bआराधना मु.
_c1974
300 _a112
600 _aबोरकर लक्ष्मीदास
630 _aनिंबोणीच्या झाडाखाली
700 _aबोरकर लक्ष्मीदास
730 _aनिंबोणीच्या झाडाखाली
942 _cBOOK
999 _c41636
_d41636